00323nam a2200121Ia 4500008004100000020001500041041001200056100001700068245005300085260003900138300000800177650001600185221030s9999 xx 000 0 und d a8131707951 aEnglish aA. P. Mathur 0aFoundations of Software Testingcby A. P. Mathur bPearson EdcuationaNew Delhic2010 a689 aBE Computer